书目信息 |
| 题名: |
西洋镜
|
|
| 作者: | 福克斯 著 ;周海霞 译 | |
| 分册: | 中国屋脊兽 | |
| 出版信息: | 广州 广东人民出版社 2020.08 |
|
| 页数: | 163页 | |
| 开本: | 26cm | |
| 丛书名: | ||
| 单 册: | ||
| 中图分类: | TU231 | |
| 科图分类: | ||
| 主题词: | 屋顶--wu ding--结构设计--研究--中国 | |
| 电子资源: | ||
| ISBN: | 978-7-218-14295-1 | |
| 000 | 01072nam0 2200253 450 | |
| 001 | 0106081910 | |
| 005 | 20201106082047.0 | |
| 010 | @a978-7-218-14295-1@dCNY88.00 | |
| 100 | @a20200928d2020 em y0chiy50 ea | |
| 101 | 1 | @achi@cger |
| 102 | @aCN@b440000 | |
| 105 | @aa z 000yy | |
| 106 | @ar | |
| 200 | 1 | @a西洋镜@Axi yang jing@i中国屋脊兽@f(德)爱德华·福克斯著@g周海霞译 |
| 210 | @a广州@c广东人民出版社@d2020.08 | |
| 215 | @a163页@c图@d26cm | |
| 300 | @a找寻遗失在西方的中国史第二十辑 | |
| 330 | @a本书由《屋顶脊饰及中国琉璃的变迁》和《中国建筑陶艺》的“脊兽及其他屋顶脊饰”一章两部分组成。《屋顶脊饰及中国琉璃的变迁》从建筑、文化、宗教、艺术等多个角度,介绍了中国屋顶脊饰。此外,书中还收录了海外私人藏家收藏的珍贵图片60余幅。《中国建筑陶艺》是伯施曼1902-1904年、1906-1909年两度中国建筑考察的成果之一。 | |
| 606 | 0 | @a屋顶@Awu ding@x结构设计@x研究@y中国 |
| 690 | @aTU231@v5 | |
| 701 | 1 | @c(德)@a福克斯@Afu ke si@c(Fuchs, Edward)@f(1870-1940)@4著 |
| 702 | 0 | @a周海霞@Azhou hai xia@4译 |
| 801 | 0 | @aCN@bBJSZM@c20201106 |
| 905 | @b1194268-71@dTU231@e1681@f4 | |
| 西洋镜.中国屋脊兽/(德)爱德华·福克斯著/周海霞译.-广州:广东人民出版社,2020.08 |
| 163页:图;26cm |
| 找寻遗失在西方的中国史第二十辑 |
| ISBN 978-7-218-14295-1:CNY88.00 |
| 本书由《屋顶脊饰及中国琉璃的变迁》和《中国建筑陶艺》的“脊兽及其他屋顶脊饰”一章两部分组成。《屋顶脊饰及中国琉璃的变迁》从建筑、文化、宗教、艺术等多个角度,介绍了中国屋顶脊饰。此外,书中还收录了海外私人藏家收藏的珍贵图片60余幅。《中国建筑陶艺》是伯施曼1902-1904年、1906-1909年两度中国建筑考察的成果之一。 |
| ● |
| 相关链接 |
|
|
|
|
正题名:西洋镜
索取号:TU231/1681
 
预约/预借
| 序号 | 登录号 | 条形码 | 馆藏地/架位号 | 状态 | 备注 |
| 1 | 1194268 | 211942683 | 第二样本阅览室/ [索取号:TU231/1681] | 在馆 | |
| 2 | 1194269 | 211942692 | 第三借阅区/ [索取号:TU231/1681] | 在馆 | |
| 3 | 1194270 | 211942709 | 第三借阅区/ [索取号:TU231/1681] | 在馆 | |
| 4 | 1194271 | 211942718 | 第三借阅区/ [索取号:TU231/1681] | 在馆 |